000 00507nam a2200193 a 4500
001 1773127631419
003 YourLibrary
005 20260310125915.0
008 260310s1993##################000#0#eng##
020 _a9781853021787
082 0 4 _a362.40941
_bOLI
100 1 _aOliver, Michael,
_eauthor.
245 1 0 _aSocial Work :
260 _bResearch Highlights in Social,
_c1993.
300 _a203 pages
650 0 _aPolitical Science.
942 _cENGLISH
040 _aYourLibrary
_beng
_cYourLibrary
999 _c617395
_d617395